Mathematics galore! : masterclasses, workshops, and team projects in mathematics and its applications
Αποθηκεύτηκε σε:
| Κύριος συγγραφέας: | |
|---|---|
| Άλλοι συγγραφείς: | |
| Μορφή: | Βιβλίο |
| Γλώσσα: | English |
| Δημοσίευση: |
Oxford ; New York :
Oxford University Press,
2003, c2001
|
| Έκδοση: | 1st ed., Repr. |
| Θέματα: | |
| Ετικέτες: |
Προσθήκη ετικέτας
Δεν υπάρχουν, Καταχωρήστε ετικέτα πρώτοι!
|
MARC
| LEADER | 00000nam a2200000 i 4500 | ||
|---|---|---|---|
| 001 | 1/54033 | ||
| 008 | 070905s20012003 eng d | ||
| 020 | |a 0-19-850769-0 | ||
| 035 | |l 10090457 | ||
| 040 | |a GR-MY-UA |b gre |e aacr | ||
| 041 | 0 | |a eng | |
| 082 | 0 | |a 510.712 |2 (22) | |
| 100 | 1 | |a Budd, C. J. |q (Christopher J.) | |
| 245 | 1 | 0 | |a Mathematics galore! : |b masterclasses, workshops, and team projects in mathematics and its applications / |c C.J. Budd, C.J. Sangwin |
| 250 | |a 1st ed., Repr. | ||
| 260 | |a Oxford ; New York : |b Oxford University Press, |c 2003, c2001 | ||
| 300 | |a viii, 254 σ.; |b εικ.; |c 24 εκ. | ||
| 504 | |a Περιλαμβάνει βιβλιογραφικές παραπομπές και ευρετήριο | ||
| 650 | 0 | 0 | |a Mathematics |x Study and teaching. |
| 700 | 1 | |a Sagwin, C. J. |q (Christopher J.) | |
| 852 | |a INST |b SAMOS |e 20070905 |h 510.712 BUD |p 005300028288 |q 005300028288 |t BK |y 0 | ||
| 901 | |a BIBL3-2007-3 | ||
| 909 | |a Σ |b 138922 | ||
| 922 | |a 3ΕΛΗ |b 200708 |c ΕΠΕΑΕΚ2/ΤΜHΜΑ ΜΑΘΗΜΑΤΙΚΩΝ |d ΕΛΕΥΘΕΡΟΥΔΑΚΗΣ | ||
| 970 | |a ΣΙΤΖΙΜΗ |b ΓΙΑΣΕΜΗ |z 2007/09/05 | ||